Suivez-vous attentivement les JO ? Médailles du 28 juillet - Statistiques

Statistiques générales
  • Ce quiz a été pris 5 fois
  • Le résultat moyen est 39 sur 41
Statistiques - réponses
Sport Date Discipline Pays % Correct
Canoë-Kayak 28 juillet Or F - K1 Australie France 6e
100%
Judo 28 juillet Argent H - Moins de 66 kilos Brésil
100%
Judo 28 juillet Bronze F - Moins de 52 kilos Brésil
100%
Skateboard 28 juillet Bronze F - Street Brésil
100%
Escrime 28 juillet Bronze F - Fleuret individuel Canada
100%
Natation 28 juillet Bronze F - 100 M Papillon Chine
100%
Tir 28 juillet Or F - Pistolet air comprimé à 10 m Chine Pas de Française en finale
100%
Tir à l'arc 28 juillet Argent F - par équipes Chine
100%
Tir 28 juillet Or H - Pistolet air comprimé à 10 m Corée-du-Sud Pas de Français en finale
100%
Tir 28 juillet Argent H - Pistolet air comprimé à 10 m Corée-du-Sud
100%
Tir à l'arc 28 juillet Or F - par équipes Corée-du-Sud Pas de Françaises en finale
100%
Escrime 28 juillet Bronze F - Epée individuel Egypte
100%
Cyclisme 28 juillet Argent F - Cross-country Etats-Unis
100%
Escrime 28 juillet Or F - Fleuret individuel Etats-Unis Pas de Française en finale
100%
Escrime 28 juillet Argent F - Fleuret individuel Etats-Unis
100%
Natation 28 juillet Argent H - 100 M brasse Etats-Unis
100%
Natation 28 juillet Bronze H - 400 M 4 nages Etats-Unis
100%
Natation 28 juillet Or F - 100 M Papillon Etats-Unis Pas de Française en finale
100%
Natation 28 juillet Argent F - 100 M Papillon Etats-Unis
100%
Cyclisme 28 juillet Or F - Cross-country France
100%
Escrime 28 juillet Argent F - Epée individuel France
100%
Judo 28 juillet Bronze F - Moins de 52 kilos France
100%
Natation 28 juillet Or H - 400 M 4 nages France
100%
Natation 28 juillet Or H - 100 M brasse Italie Pas de Français en finale
100%
Tir 28 juillet Argent F - Pistolet air comprimé à 10 m Italie
100%
Tir 28 juillet Bronze F - Pistolet air comprimé à 10 m Italie
100%
Escrime 28 juillet Or F - Epée individuel Japon
100%
Judo 28 juillet Or H - Moins de 66 kilos Japon Pas de Français en finale
100%
Natation 28 juillet Argent H - 400 M 4 nages Japon
100%
Skateboard 28 juillet Or F - Street Japon France 11e
100%
Skateboard 28 juillet Argent F - Street Japon
100%
Tir à l'arc 28 juillet Bronze F - par équipes Mexique
100%
Canoë-Kayak 28 juillet Argent F - K1 Pologne
100%
Canoë-Kayak 28 juillet Bronze F - K1 Royaume-Uni
100%
Natation 28 juillet Argent H - 100 M brasse Royaume-Uni
100%
Cyclisme 28 juillet Bronze F - Cross-country Suède
100%
Judo 28 juillet Bronze H - Moins de 66 kilos Kazakhstan
75%
Tir 28 juillet Bronze H - Pistolet air comprimé à 10 m Inde
50%
Judo 28 juillet Argent F - Moins de 52 kilos Kosovo
50%
Judo 28 juillet Or F - Moins de 52 kilos Ouzbékistan
50%
Judo 28 juillet Bronze H - Moins de 66 kilos Moldavie
25%
Aucun quiz correspondant
Distribution des résultats
% des personnes avec chaque résultat
Percentile par nombre de réponses
Votre historique - résultats
Vous n’avez pas pris ce quiz